| 000 | 00560nam a22001937a 4500 | ||
|---|---|---|---|
| 005 | 20240229143752.0 | ||
| 008 | 240229b |||||||| |||| 00| 0 eng d | ||
| 020 | _a978-93-93885-80-7 | ||
| 041 | _aeng | ||
| 082 |
_21st _aMS 6107677 CLE B10802 _bCLE |
||
| 100 |
_aClement I. _9119826 |
||
| 245 | _aTextbook of Adult Health Nursing-II for BSc Nursing, Sem-IV | ||
| 250 | _a1st | ||
| 260 |
_aBangalore _bEMMESS Pub. _c2024 |
||
| 300 |
_a926p _bPb _c28X21.5 cm |
||
| 365 |
_aRupaye _b1022.50 _cINR |
||
| 521 | _aAdult Health BSc Nursing Sem-IV | ||
| 942 | _cBK | ||
| 999 |
_c357283 _d357283 |
||